[Event "AUTO-OPEN-2988"]
[Site "http://www.queenalice.com/game.php?id=1180662"]
[Date "2013.5.12"]
[Round "1"]
[White "favazza2007"]
[Black "pat7513"]
[Result "1-0"]
[WhiteElo "1991"]
[BlackElo "1100"]

1. c4 Nf6 2. Nc3 c5 3. Nf3 d5 4. cxd5 Nxd5 5. g3 e6 6. Bg2 Be7 7. O-O O-O 8. d3
Nxc3 9. bxc3 Nc6 10. Bb2 Rb8 11. c4 b6 12. e3 Bb7 13. Ne5 Nxe5 14. Bxe5 Bxg2 15.
Kxg2 Rb7 16. d4 cxd4 17. exd4 f6 18. Bf4 Rd7 19. Be3 Qc7 20. Qb3 Qc6+ 21. f3 Kh8
22. Qb5 Qxb5 23. cxb5 Rd5 24. a4 Bb4 25. Rab1 Bc3 26. Rfd1 Rfd8 27. Rd3 Bxd4 28.
Bxd4 Rxd4 29. Rxd4 Rxd4 30. Ra1 g6 31. a5 bxa5 32. Rxa5 Rb4 33. Rxa7 Rxb5 34. h4
h6 35. Kh3 h5 36. g4 hxg4+ 37. Kxg4 e5 38. Rf7 f5+ 39. Kg5 e4 40. Kxg6 exf3 41.
Rf8# 1-0

[Event "AUTO-OPEN-2988"]
[Site "http://www.queenalice.com/game.php?id=1180663"]
[Date "2013.5.12"]
[Round "1"]
[White "pat7513"]
[Black "favazza2007"]
[Result "0-1"]
[WhiteElo "1225"]
[BlackElo "1914"]

1. d4 d5 2. c4 c6 3. Nc3 e6 4. Nf3 Nf6 5. cxd5 Nxd5 6. e4 Nxc3 7. bxc3 Nd7 8.
Be3 Be7 9. Bd3 O-O 10. O-O b6 11. Qc2 Bb7 12. e5 g6 13. Bh6 Re8 14. Rfe1 Bf8 15.
Bxf8 Rxf8 16. Re3 c5 17. dxc5 Nxc5 18. Be2 Bxf3 19. Bxf3 Rc8 20. a4 Qc7 21. Rc1
Nd7 22. h3 Qc5 23. Bb7 Rc7 24. Ba6 Nxe5 25. Bb5 Nc4 26. Bxc4 Qxc4 27. Re4 Qd5
28. c4 Qf5 29. Rd4 Qxc2 30. Rxc2 Rfc8 31. g4 a6 32. Kf1 b5 33. axb5 axb5 34. c5
Rxc5 35. Rxc5 Rxc5 36. Rb4 f5 37. Kg2 fxg4 38. hxg4 Kf7 39. f3 e5 40. Kf2 Ke6
41. Kg3 Kd6 42. Kh4 Kc6 43. Kg5 e4+ 44. Kf4 exf3 45. Kxf3 Rc4 46. Rb3 Kc5 47.
Rb1 b4 48. Re1 b3 49. Re5+ Kb4 50. Re1 b2 51. Rb1 Kb3 0-1

[Event "AUTO-OPEN-2988"]
[Site "http://www.queenalice.com/game.php?id=1180683"]
[Date "2013.5.12"]
[Round "1"]
[White "pat7513"]
[Black "DeoclecianoB"]
[Result "0-1"]
[WhiteElo "1296"]
[BlackElo "2038"]

1. e4 e5 2. Nf3 Nf6 3. Bc4 Nxe4 4. O-O Nd6 5. Nxe5 Nc6 6. Nxc6 dxc6 7. Re1+ Be7
8. Bb3 O-O 9. d3 Bf6 10. Bd2 Nf5 11. Nc3 Nd4 12. Ne4 Nxb3 13. axb3 Bxb2 14. Rb1
Bd4 15. c3 Bb6 16. d4 Bf5 17. f3 Qd7 18. Be3 Rfe8 19. Bf2 Rad8 20. Ra1 Re6 21.
Ng5 Rg6 22. Ne4 Bxe4 23. Rxe4 h6 24. Qd2 Re6 25. Rxe6 Qxe6 26. Rb1 Re8 27. Re1
Qd7 28. Rxe8+ Qxe8 29. Qe3 Kf8 30. Qxe8+ Kxe8 31. Kf1 f5 32. Ke2 Kd7 33. Kd3 a6
34. Be3 g5 35. g3 Kd6 36. h3 c5 37. dxc5+ Bxc5 38. Bxc5+ Kxc5 39. Ke3 Kd5 40.
Kd3 a5 41. c4+ Ke5 42. Ke3 b6 43. Kd3 c6 44. Ke3 b5 45. cxb5 cxb5 46. Kd3 a4 47.
bxa4 bxa4 48. Kc3 f4 49. g4 a3 50. Kb3 Kd4 51. Kxa3 Ke3 52. Kb3 Kxf3 53. Kc3 Kg3
54. Kd3 Kxh3 55. Ke2 Kxg4 56. Kf2 f3 0-1

[Event "AUTO-OPEN-2988"]
[Site "http://www.queenalice.com/game.php?id=1180692"]
[Date "2013.5.12"]
[Round "1"]
[White "holandes"]
[Black "pat7513"]
[Result "1-0"]
[WhiteElo "1927"]
[BlackElo "1100"]

1. e4 c5 2. c3 d6 3. Bc4 Nf6 4. d3 g6 5. Nd2 Bg7 6. h3 O-O 7. Ngf3 e5 8. b4 cxb4
9. cxb4 Re8 10. Ng5 Nc6 11. Bxf7+ Kh8 12. Bxe8 Qxe8 13. a3 Nd4 14. Nc4 Qd7 15.
O-O h6 16. Nf3 Nxf3+ 17. Qxf3 b5 18. Ne3 Bb7 19. Qg3 Qf7 20. f4 exf4 21. Rxf4
Rc8 22. Rb1 Rc3 23. Ng4 Qa2 24. Nxf6 Qxb1 25. Qxg6 Qxc1+ 26. Rf1 Qe3+ 27. Kh2
Rxd3 28. Qh7# 1-0

[Event "AUTO-OPEN-2988"]
[Site "http://www.queenalice.com/game.php?id=1180693"]
[Date "2013.5.12"]
[Round "1"]
[White "pat7513"]
[Black "holandes"]
[Result "1-0"]
[WhiteElo "1100"]
[BlackElo "1871"]

1. Nf3 Nc6 2. g3 d5 3. Bg2 e5 4. d3 Bg4 5. O-O h6 6. h3 Bh5 7. e4 d4 8. Nbd2 b5
9. Qe1 Bb4 10. a3 Ba5 11. b4 Bb6 12. Bb2 Qd7 13. Nb3 Bxf3 14. Bxf3 Qxh3 15. Bg2
Qh5 16. Qd1 Qg6 17. Nc5 h5 18. Bh3 Nf6 19. Bf5 Qh6 20. Bc1 g5 21. Kg2 h4 22. Rh1
Bxc5 23. bxc5 Ne7 24. Qg4 Rg8 25. Bd2 a5 26. Rab1 c6 27. c3 Rd8 28. c4 Nxf5 29.
Qxf5 Nd7 30. Rxh4 Qg7 31. Rg4 f6 32. cxb5 cxb5 33. Rxb5 Rc8 34. Qe6+ Kd8 35.
Bxa5+ 1-0

[Event "Challenge"]
[Site "http://www.queenalice.com/game.php?id=1185566"]
[Date "2013.5.28"]
[Round "-"]
[White "Enzo1945"]
[Black "pat7513"]
[Result "0-1"]
[WhiteElo "1447"]
[BlackElo "1100"]

1. d4 Nf6 2. Nf3 g6 3. Nc3 Bg7 4. e3 O-O 5. Bd3 d5 6. Ne5 Nc6 7. O-O Nxe5 8.
dxe5 Ng4 9. f3 Nxe5 10. f4 Nxd3 11. cxd3 c6 12. d4 Bf5 13. Bd2 Qb6 14. b3 Rfe8
15. Na4 Qc7 16. Nc5 b6 17. Na4 c5 18. Rc1 Rac8 19. Qf3 Be4 20. Qf2 Qd6 21. dxc5
bxc5 22. Nc3 Bf5 23. Nb5 Qb6 24. a4 a6 25. Rfe1 axb5 26. axb5 Qxb5 27. e4 Bxe4
28. Be3 d4 29. Bd2 Bf5 30. g3 e5 31. fxe5 Rxe5 32. h4 Qxb3 33. Rb1 Bxb1 34. Bf4
Rxe1+ 35. Qxe1 Qb5 36. g4 d3 37. g5 c4 38. Bd2 Qc5+ 39. Be3 Re8 40. Bxc5 Rxe1+
41. Kf2 d2 42. Kf3 d1=Q+ 43. Kf2 Qe2+ 44. Kg3 Qe5+ 45. Kf2 Qxc5+ 46. Kxe1 Qd4
47. Kf1 c3 48. Ke1 c2 0-1

[Event "OS INCLIVEIS"]
[Site "http://www.queenalice.com/game.php?id=1198000"]
[Date "2013.7.8"]
[Round "-"]
[White "adelio"]
[Black "pat7513"]
[Result "1-0"]
[WhiteElo "1813"]
[BlackElo "1225"]

1. d4 Nf6 2. c4 d5 3. Nc3 g6 4. Bg5 Bg7 5. Bxf6 Bxf6 6. Nf3 c6 7. a3 O-O 8. e3
Bg4 9. h3 Bf5 10. g4 Be4 11. Be2 Nd7 12. h4 Bxf3 13. Bxf3 dxc4 14. g5 Bg7 15. h5
Rb8 16. Ne4 Qa5+ 17. Ke2 c5 18. hxg6 hxg6 19. Rh4 f5 20. gxf6 Nxf6 21. Nxf6+
Bxf6 22. Bd5+ Kg7 23. Rg4 Rh8 24. Rxg6+ Kxg6 25. Qc2+ Kg7 26. Rg1+ 1-0

[Event "AUTO-OPEN-3042"]
[Site "http://www.queenalice.com/game.php?id=1202966"]
[Date "2013.7.27"]
[Round "1"]
[White "pat7513"]
[Black "MFCapi"]
[Result "1-0"]
[WhiteElo "1225"]
[BlackElo "1535"]

1. e4 e5 2. Nf3 Bd6 3. Bc4 h6 4. Nc3 Nf6 5. O-O O-O 6. d4 exd4 7. Nxd4 Be5 8.
Nf5 Bxc3 9. bxc3 Nxe4 10. Nxg7 d6 11. Qd4 Nf6 12. Bxh6 Nc6 13. Qh4 Bf5 14. Nxf5
Re8 15. Qg5+ Kh7 16. Qg7# 1-0

[Event "AUTO-OPEN-3042"]
[Site "http://www.queenalice.com/game.php?id=1202967"]
[Date "2013.7.27"]
[Round "1"]
[White "MFCapi"]
[Black "pat7513"]
[Result "0-1"]
[WhiteElo "1435"]
[BlackElo "1324"]

1. e4 e6 2. d4 d5 3. e5 c5 4. c3 Nc6 5. Bb5 Qc7 6. Nf3 Ne7 7. O-O Ng6 8. Bxc6+
Qxc6 9. Be3 Be7 10. b3 O-O 11. a4 cxd4 12. Nxd4 Qc7 13. Nb5 Qxe5 14. Bd4 Qb8 15.
h3 a6 16. N5a3 e5 17. Bb6 Qd6 18. Ba5 Qd7 19. Nd2 b5 20. axb5 axb5 21. Nc2 Bb7
22. Nf3 e4 23. Nfd4 Bc5 24. b4 Bxd4 0-1

[Event "AUTO-OPEN-3042"]
[Site "http://www.queenalice.com/game.php?id=1202968"]
[Date "2013.7.27"]
[Round "1"]
[White "pat7513"]
[Black "Alexandrovinsk"]
[Result "0-1"]
[WhiteElo "1296"]
[BlackElo "2136"]

1. Nf3 Nf6 2. g3 b6 3. Bg2 Bb7 4. O-O e6 5. c4 c5 6. d4 cxd4 7. Qxd4 Nc6 8. Qd1
d5 9. cxd5 exd5 10. Bg5 Be7 11. Nd4 Nxd4 12. Qxd4 O-O 13. Nc3 Qd7 14. Rfd1 Rfd8
15. e4 h6 16. Bxf6 Bxf6 17. Qd2 d4 18. Nd5 Bxd5 19. exd5 Rac8 20. Qd3 Qa4 21. b3
Qb4 22. Rac1 Rc3 23. Rxc3 dxc3 24. Qc4 Qa3 25. d6 Qb2 26. a4 c2 27. Rf1 Rxd6 28.
Qc8+ Rd8 29. Qc4 g6 30. Be4 Kg7 31. Qxc2 Qxc2 32. Bxc2 Rd2 33. Be4 Be7 34. Bd5
Rxd5 0-1

[Event "AUTO-OPEN-3042"]
[Site "http://www.queenalice.com/game.php?id=1202969"]
[Date "2013.7.27"]
[Round "1"]
[White "Alexandrovinsk"]
[Black "pat7513"]
[Result "1-0"]
[WhiteElo "2153"]
[BlackElo "1296"]

1. e4 c6 2. d4 d5 3. Nc3 dxe4 4. Nxe4 Bf5 5. Ng3 Bc8 6. Nf3 Nf6 7. Ne5 Nbd7 8.
f4 Nxe5 9. fxe5 Nd5 10. Be2 e6 11. O-O Be7 12. Bd3 O-O 13. c3 Bh4 14. Nh5 Bg5
15. Qg4 h6 16. h4 f5 17. exf6 Nxf6 18. Nxf6+ Bxf6 19. Qg6 Bxd4+ 20. cxd4 Qxd4+
21. Be3 Qxe3+ 22. Kh1 Rxf1+ 23. Rxf1 1-0

[Event "AUTO-OPEN-3042"]
[Site "http://www.queenalice.com/game.php?id=1202970"]
[Date "2013.7.27"]
[Round "1"]
[White "pat7513"]
[Black "forever"]
[Result "0-1"]
[WhiteElo "1296"]
[BlackElo "1992"]

1. Nf3 d5 2. d4 e6 3. g3 c5 4. Bg2 Nf6 5. O-O Nc6 6. c3 Bd6 7. Bg5 h6 8. Bxf6
gxf6 9. Nbd2 e5 10. dxc5 Bxc5 11. Nb3 Bb6 12. Nh4 Be6 13. e3 Qd7 14. Qf3 f5 15.
Qe2 O-O-O 16. Nf3 Rhg8 17. a4 a6 18. Nfd2 f4 19. exf4 exf4 20. Qh5 Rg6 21. Nf3
Rh8 22. Nh4 Bg4 23. Qxg6 fxg6 24. Nxg6 Rg8 25. Nxf4 h5 26. Nxd5 Ba7 27. Nf6 Qe6
28. Nxg8 Qxg8 29. Nd2 h4 30. Bxc6 bxc6 31. Ne4 Bf3 32. Nd6+ Kc7 33. Nc4 hxg3 34.
hxg3 Qxg3# 0-1

[Event "AUTO-OPEN-3042"]
[Site "http://www.queenalice.com/game.php?id=1202971"]
[Date "2013.7.27"]
[Round "1"]
[White "forever"]
[Black "pat7513"]
[Result "0-1"]
[WhiteElo "2010"]
[BlackElo "1296"]

1. d4 Nf6 2. c4 d5 3. Nc3 g6 4. Qc2 Bg7 5. Nf3 O-O 6. e4 dxe4 7. Nxe4 Nxe4 8.
Qxe4 c6 9. Bd2 Bf5 10. Qf4 Nd7 11. Be2 Qb6 12. b3 Nf6 13. Ne5 Rfd8 14. c5 Qc7
15. O-O Nd5 16. Qg3 f6 17. Nc4 Qxg3 18. fxg3 b5 19. Ne3 Nxe3 20. Bxe3 Be4 21.
Rae1 f5 22. g4 fxg4 23. Bxg4 Bd5 24. Bg5 Bf6 25. Bxf6 exf6 26. Rxf6 Kg7 27. Rf2
Rf8 28. Rfe2 Rf7 29. h4 a5 30. Re5 Rd8 31. R1e3 Rf4 0-1

[Event "QUINTAS V"]
[Site "http://www.queenalice.com/game.php?id=1216690"]
[Date "2013.9.13"]
[Round "-"]
[White "perucona"]
[Black "pat7513"]
[Result "1-0"]
[WhiteElo "1407"]
[BlackElo "1314"]

1. e4 c5 2. d4 cxd4 3. Qxd4 Nc6 4. Qd5 e6 5. Qd3 Nf6 6. Qe2 Bb4+ 7. c3 Ba5 8.
Bg5 h6 9. Bxf6 Qxf6 10. Qf3 Qxf3 11. gxf3 O-O 12. Nd2 f5 13. O-O-O fxe4 14. fxe4
Ne5 15. Bb5 Rxf2 16. Nh3 a6 17. Bf1 d5 18. Nxf2 dxe4 19. Nh3 g5 20. Nf2 e3 21.
Nb3 Bb6 22. Nh3 Bd7 23. Rg1 e2 24. Bxe2 Bxg1 25. Nxg1 Bc6 26. Nd4 Re8 27. Ngf3
Nxf3 28. Bxf3 Bxf3 29. Rf1 g4 30. Nxf3 gxf3 31. Rxf3 Rf8 32. Re3 Rf1+ 33. Kc2
Rf2+ 34. Kb3 Rxh2 35. Rxe6 Kf7 36. Rb6 Rh5 37. Rxb7+ Ke8 38. Rb8+ Kd7 39. Ra8 a5
40. Ka4 Kc7 41. b4 axb4 42. cxb4 Kb7 43. Re8 Rh1 44. Re7+ Kb6 45. Re6+ Kb7 46.
Ka5 Ra1 47. Re7+ Kb8 48. Re8+ Kb7 49. Re7+ 1-0

[Event "MAIS CLARO/MAIS ESCURO IX"]
[Site "http://www.queenalice.com/game.php?id=1217758"]
[Date "2013.9.17"]
[Round "-"]
[White "rogeriooliveira"]
[Black "pat7513"]
[Result "0-1"]
[WhiteElo "1347"]
[BlackElo "1296"]

1. e4 e6 2. d4 d5 3. e5 c5 4. dxc5 Bxc5 5. Be3 Qb6 6. Nc3 Bxe3 7. fxe3 Qxe3+ 8.
Nge2 Ne7 9. g4 Qxe5 10. Qd3 O-O 11. O-O-O Nbc6 12. Bg2 Qg5+ 13. Qd2 Qxg4 14. Bf1
b6 15. Nb1 Qa4 16. a3 b5 17. Nbc3 Qa6 18. Bh3 Bb7 19. Rhg1 Rfd8 20. Nf4 b4 21.
axb4 Nxb4 22. Kb1 d4 23. Nce2 Qa2+ 24. Kc1 Qa1# 0-1

[Event "MAIS CLARO/MAIS ESCURO XIV"]
[Site "http://www.queenalice.com/game.php?id=1217763"]
[Date "2013.9.18"]
[Round "-"]
[White "rogeriooliveira"]
[Black "pat7513"]
[Result "0-1"]
[WhiteElo "1344"]
[BlackElo "1354"]

1. e4 e6 2. d4 d5 3. e5 c5 4. dxc5 Bxc5 5. Be3 Qb6 6. b3 Bxe3 7. fxe3 Qxe3+ 8.
Ne2 Ne7 9. g4 Qxe5 10. Nc3 O-O 11. h4 Ng6 12. h5 Nf4 13. Rh2 Nxe2 14. Rxe2 Qxc3+
15. Kf2 Nc6 16. Rc1 Qf6+ 17. Ke1 Qh4+ 18. Kd2 Qxg4 19. Rg2 Qd4+ 20. Ke2 Qxd1+
21. Rxd1 d4 22. Kf2 e5 23. Bb5 Nb4 24. a3 Nxc2 25. a4 Ne3 26. Rg3 Nxd1+ 27. Ke1
Nc3 28. Rg2 Nxb5 29. axb5 Bh3 30. Rh2 Bg4 31. Rg2 Bxh5 32. b4 Rfc8 33. Kd2 Rc4
34. Kd3 Rxb4 35. Rg1 Rxb5 36. Rh1 Bg6+ 37. Ke2 a5 38. Ke1 Rb1+ 39. Kf2 Rxh1 40.
Ke2 Rc8 41. Kf2 Rc2+ 42. Kf3 Rh3+ 43. Kg4 Rcc3 44. Kg5 h6+ 45. Kg4 Rcg3# 0-1

[Event "PORTEIRA DE VOZ II"]
[Site "http://www.queenalice.com/game.php?id=1220707"]
[Date "2013.9.28"]
[Round "-"]
[White "rogeriooliveira"]
[Black "pat7513"]
[Result "1-0"]
[WhiteElo "1496"]
[BlackElo "1292"]

1. e4 e5 2. d4 exd4 3. Qxd4 Nc6 4. Qd5 Nf6 5. Qd3 d5 6. exd5 Qxd5 7. Qxd5 Nxd5
8. c4 Ndb4 9. Kd1 Bc5 10. a3 Na6 11. Nf3 Bxf2 12. Nbd2 O-O 13. Ke2 Bc5 14. Nb3
Bd6 15. Bg5 Re8+ 16. Kf2 Bg4 17. h3 Bxf3 18. Kxf3 Re5 19. Bf4 Re7 20. Be2 Bxf4
21. Rhg1 Be3 22. Rge1 Rae8 23. Bd3 Bh6 24. Rxe7 Rxe7 25. Rg1 Re3+ 26. Kg4 Rxd3
27. Nc1 Rd4+ 28. Kg3 Rxc4 29. Nd3 Re4 30. Kf3 Re3+ 31. Kg4 Rxd3 32. g3 Ne5+ 33.
Kf5 f6 34. g4 Nf3 35. Rf1 Nh4+ 36. Ke6 Nc5+ 37. Ke7 Ng6+ 38. Ke8 Re3+ 39. Kd8 c6
40. h4 Ne5 41. g5 fxg5 42. h5 Rd3+ 43. Kc8 g4 44. Rg1 1-0

[Event "TRIGO V"]
[Site "http://www.queenalice.com/game.php?id=1228997"]
[Date "2013.11.1"]
[Round "-"]
[White "rogeriooliveira"]
[Black "pat7513"]
[Result "1-0"]
[WhiteElo "1444"]
[BlackElo "1341"]

1. e4 c5 2. d4 cxd4 3. Qxd4 Nc6 4. Qd5 d6 5. Bc4 e6 6. Qd2 Nf6 7. Bb5 Be7 8.
Bxc6+ bxc6 9. Nc3 O-O 10. Nf3 e5 11. O-O Bg4 12. h3 Bxf3 13. gxf3 Nh5 14. Kh1
Nf4 15. Rg1 Nxh3 16. Rg3 Nf4 17. Qe1 Bh4 18. Rg4 h5 19. Rg1 Qb6 20. Bxf4 exf4
21. Rg2 Bf6 22. Qg1 Qxb2 23. Na4 Qxc2 24. Qd1 Qxd1+ 25. Rxd1 Rfd8 26. Rdg1 Rab8
27. Kh2 Rb4 28. Nc3 Bxc3 29. Kh1 Ra4 30. Kh2 Rb8 31. Kh3 Rxa2 32. Rxg7+ Bxg7 33.
Rg5 Rxf2 34. Rf5 Rxf3+ 35. Kg2 Rg3+ 36. Kf2 1-0

[Event "TRIGO VI"]
[Site "http://www.queenalice.com/game.php?id=1228999"]
[Date "2013.11.1"]
[Round "-"]
[White "rogeriooliveira"]
[Black "pat7513"]
[Result "1-0"]
[WhiteElo "1487"]
[BlackElo "1301"]

1. e4 e6 2. d4 d5 3. e5 c5 4. dxc5 Bxc5 5. Be3 Bxe3 6. fxe3 Ne7 7. Nc3 O-O 8.
Nf3 Nbc6 9. Bb5 a6 10. Bxc6 bxc6 11. O-O Nf5 12. Re1 Qb6 13. b3 Nxe3 14. Qe2
Nxc2+ 15. Kh1 Nd4 16. Qf2 Qb4 17. Ne2 Nxe2 18. Qxe2 Bb7 19. Rad1 c5 20. Nh4 d4
21. Rf1 Rad8 22. Rf2 Qb5 23. Qxb5 axb5 24. Rc2 Rd5 25. a4 bxa4 26. bxa4 Rxe5 27.
Ra2 Re4 28. a5 Rxh4 29. Rb1 Bd5 30. Ra4 Rg4 31. a6 Rxg2 32. a7 Ra2+ 33. Kg1 Rxa4
34. a8=Q Raxa8 35. Kf1 1-0

[Event "TRIGO VII"]
[Site "http://www.queenalice.com/game.php?id=1229000"]
[Date "2013.11.1"]
[Round "-"]
[White "rogeriooliveira"]
[Black "pat7513"]
[Result "1-0"]
[WhiteElo "1456"]
[BlackElo "1326"]

1. e4 d5 2. e5 e6 3. Nc3 c5 4. Nce2 Ne7 5. Nf3 Nf5 6. Nc3 Be7 7. Bb5+ Bd7 8.
Bxd7+ Nxd7 9. O-O O-O 10. Re1 a6 11. d3 d4 12. Na4 Qc7 13. Re2 b5 14. Nxc5 Nxc5
15. Bg5 Bxg5 16. g3 Nh6 17. Qe1 Be7 18. b4 Nd7 19. Rc1 Qc3 20. Qxc3 dxc3 21.
Rce1 Nf5 22. Nh4 Nxh4 23. gxh4 Bxh4 24. a3 Bg5 25. f3 Nb6 26. Kh1 Nd5 27. Rg1
Nf4 28. Rf2 Nh3 29. Rg3 Nxf2+ 30. Kg1 Be3 31. Kg2 Nd1 32. h4 Bd4 33. h5 Bxe5 34.
Rh3 Ne3+ 35. Kf2 1-0

[Event "MISS BUMBUM VII"]
[Site "http://www.queenalice.com/game.php?id=1232522"]
[Date "2013.11.15"]
[Round "-"]
[White "rogeriooliveira"]
[Black "pat7513"]
[Result "1-0"]
[WhiteElo "1431"]
[BlackElo "1357"]

1. e4 c5 2. d4 cxd4 3. Qxd4 Nc6 4. Qd5 e6 5. Qd2 d5 6. e5 Nxe5 7. Nf3 Nxf3+ 8.
gxf3 Qb6 9. Bd3 Bc5 10. Nc3 Nf6 11. O-O O-O 12. Kh1 Bd7 13. Qe2 Rae8 14. f4 d4
15. Nd1 Nd5 16. c4 dxc3 17. bxc3 Bc6 18. Nb2 Nxc3+ 19. Qf3 Bxf3+ 20. Kg1 Ne2+
21. Bxe2 Bxe2 22. Re1 Bxf2+ 23. Kg2 Bxe1 24. Na4 Qc6+ 25. Kh3 Qxa4 26. Kg2 Qe4+
27. Kg1 Qd4+ 28. Be3 Qxe3+ 29. Kh1 Qf3+ 30. Kg1 1-0

[Event "MISS BUMBUM XII"]
[Site "http://www.queenalice.com/game.php?id=1232527"]
[Date "2013.11.15"]
[Round "-"]
[White "rogeriooliveira"]
[Black "pat7513"]
[Result "1-0"]
[WhiteElo "1417"]
[BlackElo "1376"]

1. e4 e6 2. d4 d5 3. e5 c5 4. dxc5 Bxc5 5. Be3 Bxe3 6. fxe3 Ne7 7. Nc3 O-O 8.
Nf3 Nbc6 9. Bb5 Qb6 10. Bxc6 Nxc6 11. b3 Ne7 12. Qe2 Bd7 13. O-O-O Qa5 14. Rd3
Nc6 15. Rg1 Qa3+ 16. Kb1 a5 17. Nd1 Nb4 18. c3 Nxd3 19. g3 Nc5 20. Qb2 Qxb2+ 21.
Kxb2 b5 22. b4 axb4 23. cxb4 Nd3+ 24. Kc2 Nxb4+ 25. Kb2 Rxa2+ 26. Kb3 Ra4 27.
Nc3 Nd3 28. Rd1 Nc5+ 29. Kb2 Ra5 30. Rg1 1-0